[Event "II liga CS- zapad"]
[Site "Arandjelovac"]
[Date "2018.10.05"]
[Round "7.15"]
[White "Ivanovic, Lazar"]
[Black "Micic, Aleksa"]
[Result "1/2-1/2"]
[WhiteElo "2076"]
[BlackElo "1683"]
[PlyCount "85"]
[EventDate "2018.??.??"]

1. d4 Nf6 2. Nf3 e6 3. c3 b6 4. Bg5 Bb7 5. Nbd2 d5 6. e3 Be7 7. Bd3 Nbd7 8. O-O
O-O 9. Rc1 c5 10. b3 Rc8 11. h3 Ne4 12. Bxe7 Qxe7 13. c4 Nxd2 14. Qxd2 dxc4 15.
bxc4 Bxf3 16. gxf3 Qg5+ 17. Kh2 cxd4 18. f4 dxe3 19. fxe3 Qe7 20. Rg1 Nc5 21.
Bb1 Qf6 22. Rg5 g6 23. Rcg1 Kh8 24. h4 Rfd8 25. Qe2 Qc3 26. R1g2 Nb7 27. h5
Qxc4 28. hxg6 Qxe2 29. g7+ Kg8 30. Rxe2 Rc5 31. Rg3 f5 32. a4 Rd6 33. e4 Rc1
34. Bc2 Rc6 35. Rgg2 Rc7 36. exf5 Rxg7 37. fxe6 Rxg2+ 38. Rxg2+ Kh8 39. e7 Re1
40. Bb3 h6 41. Rg8+ Kh7 42. e8=Q Rxe8 43. Rxe8 1/2-1/2

[Event "Druga liga CS - Zapad 2018"]
[Site "?"]
[Date "2018.10.05"]
[Round "7.3"]
[White "Vuckovic, Branko"]
[Black "Tojagic, Dane"]
[Result "1/2-1/2"]
[WhiteElo "2245"]
[BlackElo "2275"]
[PlyCount "23"]
[EventDate "2018.09.07"]
[WhiteTeam "IVANJICA- Ivanjica"]
[BlackTeam "LOZNICA GRAD - Loznica"]

1. e4 e5 2. Nf3 Nf6 3. Nc3 Nc6 4. Bc4 Nxe4 5. Nxe4 d5 6. Bd3 dxe4 7. Bxe4 Bd6
8. c3 O-O 9. O-O h6 10. Re1 Qf6 11. d3 Bd7 12. Nd2 1/2-1/2

[Event "II liga CS- zapad"]
[Site "Arandjelovac"]
[Date "2018.10.05"]
[Round "7.3"]
[White "Markovic, Dragan P"]
[Black "Bugarcic, Ivan"]
[Result "1-0"]
[WhiteElo "2206"]
[BlackElo "2184"]
[PlyCount "113"]
[EventDate "2018.??.??"]

1. e4 g6 2. d4 Bg7 3. c3 d6 4. Nf3 Nf6 5. Bd3 O-O 6. O-O Nbd7 7. e5 Ne8 8. Qe2
dxe5 9. dxe5 c6 10. e6 fxe6 11. Bc4 Nc7 12. Rd1 Qe8 13. Bxe6+ Nxe6 14. Qxe6+
Kh8 15. Qe2 e5 16. Re1 b6 17. Nbd2 Bb7 18. Ne4 Qe7 19. Bg5 Qe6 20. Rad1 Nc5 21.
Nxc5 bxc5 22. a3 Rae8 23. Be3 e4 24. Bxc5 Rf4 25. Qe3 Qf7 26. Nd4 Kg8 27. Ne2
Rh4 28. Bxa7 Bc8 29. Ng3 Bh6 30. Qb6 Qf6 31. Qd4 Qf7 32. Qb6 Qf6 33. Qb3+ Be6
34. Rd6 Qe7 35. Rxe6 Qxe6 36. Qc2 Qd7 37. Bd4 Qd5 38. Nf1 c5 39. Be3 Bf8 40.
Rd1 Qe6 41. Qa4 Rh5 42. Ng3 Rh4 43. Qb5 Rc8 44. a4 Bh6 45. Bxh6 Rxh6 46. Re1
Rh4 47. Qb7 Re8 48. a5 Rf4 49. a6 Re7 50. a7 Rxb7 51. a8=Q+ Rf8 52. Qxb7 e3 53.
Rxe3 Qg4 54. Qd5+ Kg7 55. Re7+ Kh6 56. Qd2+ Qg5 57. Rxh7+ 1-0

[Event "II liga CS- zapad"]
[Site "Arandjelovac"]
[Date "2018.10.05"]
[Round "7.4"]
[White "Naskovic, Filip"]
[Black "Milovanovic, Nenad"]
[Result "0-1"]
[WhiteElo "2197"]
[BlackElo "2147"]
[PlyCount "54"]
[EventDate "2018.??.??"]

1. e4 c5 2. c3 d5 3. exd5 Qxd5 4. d4 Nf6 5. Nf3 Bg4 6. Be2 e6 7. Na3 Be7 8. Be3
cxd4 9. Nb5 Na6 10. Bxd4 O-O 11. O-O Bxf3 12. gxf3 Rfd8 13. Qc1 Qh5 14. Kh1 e5
15. Bxa7 Nc5 16. Rg1 Nd3 17. Qc2 Rxa7 18. Bxd3 Qxf3+ 19. Rg2 Rxd3 20. Nxa7 Ne4
21. Re1 Bc5 22. Kg1 Bxa7 23. h4 Nxf2 24. Qa4 Nh3+ 25. Kh1 Bc5 26. Rxe5 Qf1+ 27.
Kh2 Bg1+ 0-1

[Event "II liga CS- zapad"]
[Site "Arandjelovac"]
[Date "2018.10.05"]
[Round "7.5"]
[White "Osatovic, Milos"]
[Black "Kolarevic, Darko"]
[Result "1/2-1/2"]
[WhiteElo "2115"]
[BlackElo "2163"]
[PlyCount "91"]
[EventDate "2018.??.??"]

1. d4 Nf6 2. Nf3 g6 3. g3 Bg7 4. Bg2 O-O 5. O-O d6 6. b3 Nbd7 7. Bb2 e5 8. dxe5
Ng4 9. c4 Ngxe5 10. Qc2 Re8 11. Nd4 a5 12. Nb5 Nc5 13. Nd2 c6 14. Nd4 a4 15. h3
f5 16. Rad1 axb3 17. axb3 Qe7 18. b4 Ne4 19. Qb3 Kh8 20. Kh2 Nf6 21. Rfe1 g5
22. e4 f4 23. Nf5 Bxf5 24. exf5 Qf7 25. Bxe5 dxe5 26. Nf3 Qh5 27. Nd2 g4 28.
Ne4 Nxe4 29. Rxe4 Qxf5 30. hxg4 Qxg4 31. Bf3 Qg6 32. g4 Rad8 33. Kg2 Rxd1 34.
Qxd1 Kg8 35. Kf1 Qf6 36. Qb3 Rd8 37. b5 Qh4 38. bxc6 bxc6 39. c5+ Kh8 40. Qe6
Qf6 41. Qxf6 Bxf6 42. Ra4 Rc8 43. Ra6 Be7 44. Rxc6 Rxc6 45. Bxc6 Bxc5 46. f3
1/2-1/2

[Event "II liga CS- zapad"]
[Site "Arandjelovac"]
[Date "2018.10.05"]
[Round "7.6"]
[White "Gavrilovic, Vladan"]
[Black "Osatovic, Aleksandar"]
[Result "1/2-1/2"]
[WhiteElo "2174"]
[BlackElo "2169"]
[PlyCount "99"]
[EventDate "2018.??.??"]

1. d4 Nf6 2. c4 e6 3. Nf3 b6 4. g3 Bb7 5. Bg2 Be7 6. O-O O-O 7. Nc3 d5 8. cxd5
Nxd5 9. Re1 Nxc3 10. bxc3 c5 11. e4 Nd7 12. Bf4 Nf6 13. Ne5 cxd4 14. cxd4 Bb4
15. Re3 h6 16. a3 Be7 17. h4 Rc8 18. g4 Nh7 19. h5 Bg5 20. Bxg5 Qxg5 21. Qe2
Rc7 22. Rf1 Qf4 23. Qf3 Qxf3 24. Bxf3 Rd8 25. Rd1 Nf6 26. Kg2 Rc2 27. Kg3 Kf8
28. Bg2 Rdc8 29. f3 R8c3 30. Rxc3 Rxc3 31. Rd3 Rxd3 32. Nxd3 Ke7 33. Kf2 Ne8
34. Nb2 Nd6 35. Ke3 Ba6 36. f4 Nc4+ 37. Nxc4 Bxc4 38. Bf3 f6 39. Kd2 Kd6 40.
Kc3 Bf1 41. e5+ fxe5 42. dxe5+ Kc5 43. f5 exf5 44. gxf5 Bh3 45. f6 gxf6 46.
exf6 Be6 47. Kd3 Kd6 48. Kd4 Bf7 49. Bd5 Be6 50. Bxe6 1/2-1/2

[Event "II liga CS- zapad"]
[Site "Arandjelovac"]
[Date "2018.10.05"]
[Round "7.7"]
[White "Simic, Goran S"]
[Black "Milikic, Milorad"]
[Result "1/2-1/2"]
[WhiteElo "2068"]
[BlackElo "2015"]
[PlyCount "41"]
[EventDate "2018.??.??"]

1. d4 d5 2. Nf3 Nf6 3. e3 Bg4 4. c4 e6 5. Qb3 Qc8 6. Ne5 Bh5 7. Nc3 c6 8. Bd2
Nbd7 9. cxd5 exd5 10. Rc1 Bd6 11. Nxd7 Qxd7 12. Bd3 O-O 13. Ne2 Rfe8 14. Ng3
Bg6 15. Bxg6 hxg6 16. O-O Rab8 17. Bb4 Bxg3 18. hxg3 Ng4 19. Bd2 Qf5 20. f3 Nf6
21. g4 1/2-1/2

[Event "II liga CS- zapad"]
[Site "Arandjelovac"]
[Date "2018.10.05"]
[Round "7.8"]
[White "Miletic, Vojin"]
[Black "Gajic, Aleksandar"]
[Result "1-0"]
[WhiteElo "1584"]
[BlackElo "1865"]
[PlyCount "90"]
[EventDate "2018.??.??"]

1. d4 Nf6 2. c4 c5 3. Nf3 cxd4 4. Nxd4 e5 5. Nb3 Nc6 6. g3 d6 7. Bg5 Be6 8.
N1d2 Be7 9. Bg2 O-O 10. O-O h6 11. Bxf6 Bxf6 12. Rc1 Rc8 13. Ne4 Be7 14. Ned2
f5 15. Bd5 Qd7 16. e4 Kh8 17. Bxe6 Qxe6 18. Qe2 a5 19. a4 f4 20. Qf3 fxg3 21.
Qxg3 Rf4 22. Kh1 Rg4 23. Qd3 Rf8 24. f3 Rh4 25. Rg1 Bg5 26. Rg2 Bf4 27. Rcg1
Qh3 28. Qe2 Ne7 29. Nf1 g5 30. Rg4 Ng6 31. Qg2 Qxg2+ 32. R1xg2 Rxg4 33. fxg4 b6
34. Ng3 Nh4 35. Rf2 Kg8 36. Nf5 Nxf5 37. gxf5 Kf7 38. h3 h5 39. Nd2 Kf6 40. Nf3
g4 41. hxg4 hxg4 42. Nd2 Rh8+ 43. Kg2 Rh2+ 44. Kf1 Rxf2+ 45. Kxf2 Bxd2 1-0